Weird Geo Facts #2 - Statistics

General Stats
  • This quiz has been taken 17 times
    15 since last reset
  • The average score is 8 of 15
Answer Stats
Hint Answer % Correct
This megacity rest on two continents. Istanbul
100%
You cannot sink in this sea. The dead sea
100%
This hemisphere is home to 90% of earths population. The Northern Hemisphere
93%
This state has the largest cities in the USA (by land area) Alaska
79%
This state has most of the United States' coastline. Alaska
79%
20% of Oxygen is produced here. The Amazon Rainforest
79%
This country has the largest concentration of lakes. Canada
71%
This state in the US has more caves than any other place on earth. Kentucky
50%
This is the deepest place on earth. (Depths of nearly 35,814 feet) The Mariana Trench
50%
The most remote place on earth. Point Nemo
29%
This country has the world's largest cave. Vietnam
29%
This city's full name / true name has 163 letters. Bangkok
21%
This country has the longest name (56 characters). United Kingdom of Great Britain and Northern Ireland
21%
There is enough of this metallic element in the core of the planet to cover the whole of Earth with a 1.5-foot layer of the mineral. Gold
14%
These two islands are 2.5 miles apart but 20 hours apart. Big Diomede and Little Diomede. (Tomorrow Island and Yesterday Island)
0%
No matching quizzes found
Score Distribution
Percent of People with Each Score
Percentile by Number Answered
Your Score History
You have not taken this quiz since the last reset